000 02765nam0a2200505 4500
001 RU\NLR\BIBL_A\012123160
005 20260408091821.0
020 _aRU
_9Ленинград в Великой Отечественной войне. Коллекция. Призывы
035 _a(NLR Aleph) 012123160
090 _a12004469
_c12004469
100 _a20191018d1942 u y0rusy50 ca
101 0 _arus
102 _aRU
105 _ay z 000zy
135 _acrcn 024anaba
200 1 _a"Все наши силы - на поддержку нашей героической Красной Армии, нашего славного Красного Флота! Все силы народа - на разгром врага!"
_e[призыв]
_f(Сталин)
210 _a[Ленинград]
_cЛТ УН-1
_d[1942]
215 _a1 л.
_d26х40
300 _aЗаказ № 342
325 _aКопия доступна в Электрон. б-ке РНБ
517 1 _aВсе силы народа - на разгром врага!
606 1 _aВеликая Отечественная война
_jЛистовые издания
_xВоенная пропаганда советская
_z1941 - 1945
_92425980
_3RU\NLR\AUTH\6601662801
606 1 _aВеликая Отечественная война
_jЛистовые издания
_xПризывы и обращения к населению
_z1941 - 1945
_91226775
_3RU\NLR\AUTH\66181712
686 0 _aЦ35(2)722-442.3
700 1 _8rus
_7ca
_aСталин
_bИ. В.
_f1879-1953
_gИосиф Виссарионович
_3RU\NLR\AUTH\773464
_9113460
712 0 2 _4570
_aРабоче-Крестьянская Красная армия
_c1918-1946
_3RU\NLR\AUTH\8810133633
_9763433
712 0 2 _4570
_aВоенно-воздушный флот РККА
_3RU\NLR\AUTH\8810230969
_9346915
852 _aNLR
_jII Л3-330пр./3/3-4
856 0 _uhttps://vivaldi.nlr.ru/lk000010334/view
856 1 _uhttps://vivaldi.nlr.ru/lk000010334/cover
856 2 _uhttps://vivaldi.nlr.ru/lk000010334/text
942 _cVISUAL
945 _aРоссийская национальная библиотека
980 _aNB
980 _aBV
980 3 _akppriz
980 3 _akp2020
980 3 _akp
981 3 7 _a(37) Ленинград в Великой Отечественной войне
_b(37) Призывы к населению